Catálogo
 En Linea

La poesía mexicana esplendor e infortunios : (Registro nro. 39984)

Detalles MARC
000 -CABECERA
campo de control de longitud fija 00801nam a2200205 a 4500
001 - NÚMERO DE CONTROL
campo de control 000040494
005 - FECHA Y HORA DE LA ÚLTIMA TRANSACCIÓN
campo de control 20201002034153.0
008 - DATOS DE LONGITUD FIJA--INFORMACIÓN GENERAL
campo de control de longitud fija 130826s2010 mx 000 0 spa d
020 ## - NÚMERO INTERNACIONAL ESTÁNDAR DEL LIBRO
Número Internacional Estándar del Libro 9786070212352
040 ## - FUENTE DE LA CATALOGACIÓN
Centro catalogador/agencia de origen DO-SdBNP
Lengua de catalogación spa
Centro/agencia transcriptor BNPHU
100 1# - ENTRADA PRINCIPAL--NOMBRE DE PERSONA
Nombre de persona Lizalde, Eduardo
9 (RLIN) 66798
245 13 - MENCIÓN DE TÍTULO
Título La poesía mexicana esplendor e infortunios :
Resto del título discurso de ingreso a la Academia Mexicana de la Lengua 24 de mayo de 2007 ; Respuesta /
Mención de responsabilidad, etc. Eduardo Lizalde, Ernesto de la Peña.
246 13 - FORMA VARIANTE DE TÍTULO
Título propio/Titulo breve Respuesta
260 ## - PUBLICACIÓN, DISTRIBUCIÓN, ETC.
Lugar de publicación, distribución, etc. México :
Nombre del editor, distribuidor, etc. Universidad Autónoma de México : Academia Mexicana de la Lengua,
Fecha de publicación, distribución, etc. 2010.
300 ## - DESCRIPCIÓN FÍSICA
Extensión 67 p. ;
Dimensiones 17 cm.
490 1# - MENCIÓN DE SERIE
Mención de serie Difusión Cultural
700 1# - PUNTO DE ACCESO ADICIONAL--NOMBRE DE PERSONA
Nombre de persona Peña, Ernesto de la
Título de la obra Repuesta
9 (RLIN) 66799
710 2# - PUNTO DE ACCESO ADICIONAL--NOMBRE DE ENTIDAD CORPORATIVA
Nombre de entidad corporativa o nombre de jurisdicción como elemento de entrada Academia Mexicana de la Lengua
9 (RLIN) 66800
830 #0 - PUNTO DE ACCESO ADICIONAL DE SERIE-TÍTULO UNIFORME
Título uniforme Difusión cultural
9 (RLIN) 66273
Existencias
Estado de retiro Estado de pérdida Restricciones de uso No para préstamo Código de colección Localización permanente Ubicación/localización actual Ubicación en estantería Fecha de adquisición Número de inventario Total de préstamos Signatura topográfica completa Código de barras Fecha visto por última vez Número de copia Precio válido a partir de Tipo de ítem Koha
    Préstamo interno   Monografías: Libros y Folletos General General En catalogación 26.08.2013 LF1   40494-10 25.06.2020 e. 3 25.06.2020 Préstamo interno
      Excluido de préstamo Monografías: Libros y Folletos General General En catalogación 26.08.2013 LF1   40494-20 25.06.2020 e. 2 25.06.2020 No se presta
      Excluido de préstamo Monografías: Libros y Folletos General General En catalogación 26.08.2013 LF1   40494-30 25.06.2020   25.06.2020 No se presta

Con tecnología Koha